Seismic behavior of base isolated buildings with soft story for Dhaka region (Record no. 41088)

000 -LEADER
fixed length control field 00804nam a22002177a 4500
001 - CONTROL NUMBER
control field 41088
003 - CONTROL NUMBER IDENTIFIER
control field BD-DhUET
008 - FIXED-LENGTH DATA ELEMENTS--GENERAL INFORMATION
fixed length control field 180305b xxu||||| |||| 00| 0 eng d
040 ## - CATALOGING SOURCE
Transcribing agency 0
Modifying agency BD-DhUET
082 ## - DEWEY DECIMAL CLASSIFICATION NUMBER
Classification number 624.1760954922
Item number ARI/2017
100 ## - MAIN ENTRY--PERSONAL NAME
Personal name Arif Ahmed Khan
245 ## - TITLE STATEMENT
Title Seismic behavior of base isolated buildings with soft story for Dhaka region
260 ## - PUBLICATION, DISTRIBUTION, ETC. (IMPRINT)
Place of publication, distribution, etc. Dhaka
Name of publisher, distributor, etc. Department of Civil Engineering, BUET
Date of publication, distribution, etc. 2017
300 ## - PHYSICAL DESCRIPTION
Extent xv,125p.
501 ## - WITH NOTE
With note One CD-ROM
504 ## - BIBLIOGRAPHY, ETC. NOTE
Bibliography, etc Includes bibliographies
650 #0 - SUBJECT ADDED ENTRY--TOPICAL TERM
Topical term or geographic name as entry element Earthquake engineering-Soil behaviour
Geographic subdivision Dhaka Region
720 ## - ADDED ENTRY--UNCONTROLLED NAME
Thesis Supervisor Dr. Syed Ishtiaq Ahmad
Relator term M. Sc. Thesis
856 ## - ELECTRONIC LOCATION AND ACCESS
Uniform Resource Identifier http://lib.buet.ac.bd:8080/xmlui/handle/123456789/4876
942 ## - ADDED ENTRY ELEMENTS (KOHA)
Koha item type Thesis
Holdings
Koha item type Source of classification or shelving scheme Date acquired Koha full call number Withdrawn status Shelving location Lost status Piece designation (barcode) Not for loan Koha date last seen Location (home branch) Sublocation or collection (holding branch) Copy number Damaged status Price effective from Koha normalized classification for sorting
Thesis 2018-02-20624.1760954922/ARI/2017 Reference section 116021 2018-03-05Central Library, BUETCentral Library, BUET1 2018-03-05624_176095492200000_ARI_2017